Stand-Up comedian naming - Statistics

General Stats
  • This quiz has been taken 16 times
  • The average score is 9 of 30
Answer Stats
Hint Answer % Correct
7 dirty words, counter culture, politics George Carlin
87%
improvisational comedy, Dead Poets Society, suicide Robin Williams
87%
Def Comedy Jam, 1st film role as "Ahchoo", "Rick James"-sketch, race relations Dave Chappelle
73%
"savior" of Saturday Night Live, Spice Girl, also a singer Eddie Murphy
67%
1st woman to host a late night network tv talk show, tough-talking satire, 55-year career Joan Rivers
67%
5 Grammy's and wives, racial issues, That N(word)'s Crazy Richard Pryor
67%
"I get no respect!", self-deprecating one-liners, Caddyshack Rodney Dangerfield
67%
Academy Awards, NBC, road movies, entertaining the troops Bob Hope
60%
the jaw Jay Leno
60%
insult comedy, C.P.O. Sharkey, Beach Party-film series, Mr.Potato Head of Toy Story Don Rickles
40%
Born a Crime, political and news satire, mass media criticism, Johannesburg Trevor Noah
33%
five levels of fatness e.g. "Fluffy" & later sixth, Latin American culture Gabriel Iglesias
27%
bath tub pictures, Golden Globe Awards, David Brent, GTA IV, After Life Ricky Gervais
27%
Undercover Brother, Dr. Dre, Malcolm & Eddie, observational comedy, racism Eddie Griffin
20%
satire, sex, current events, show at Comedy Central, Australia Jim Jefferies
20%
Five Star Movement of Italy, V-Day, criticism of corruption, child labor, globalization Beppe Grillo
13%
no shirt not slim no shame, the Machine, Stories of a Perpetual Man-Child Bert Kreischer
13%
feminism, dating, political correctness, F is for Family, I'm Sorry You Feel That Way Bill Burr
13%
social critic, musician, cancer, recreational drugs, question authority & "accepted truth" Bill Hicks
13%
Scottish culture, The Daily Telegraph Open Mic Award, O Danny ___ Danny Bhoy
13%
flaming, BBC, innuendo-laden dialogue, Irish Graham Norton
13%
radio show host, Z Rock, The Bonfire on Sirius XM, This Is Not Happening, large Big Jay Oakerson
7%
Girls Behaving Badly, My Horizontal Life: A Collection of One-Night Stands, E! Chelsea Handler
7%
What's the Story?, Glasgow, BBC, Michael McIntyre's Comedy Road Show Kevin Bridges
7%
often wraps up his show "I'm Kevin Hart", New Orleans, Don't Be Yourself Mark Normand
7%
racism, stereotypes, Anglo-Indian, 1st comedian to sell out Toronto's Air Canada Centre Russell Peters
7%
musical comedy, Atticus Fetch of Californication, ginger, obsessively atheist, Australia Tim Minchin
7%
B.C., Japanese-Canadian, mainly known by her first name, sassy humor Yumi (Nagashima)
7%
trailor park to the core, trucker hat, oversized glasses, eternally optimistic outlook Dusty Slay
0%
drummer, heavy metal look, conspiracy theories, social commentary, Australia to UK Steve Hughes
0%
No matching quizzes found
Score Distribution
Percent of People with Each Score
Percentile by Number Answered
Your Score History
You have not taken this quiz